000
00284nam a2200121Ia 4500
008
190216s9999||||xx |||||||||||||| ||und||
100
_a
Zina Rohan
245
4
_a
The Sandbeetle
260
_b
Harper Collins Publishers
_c
1993
300
_a
310p
650
_a
English Novel
942
_c
BK
999
_c
14115
_d
14115